Lloyd's ports of the world 1999

Αποθηκεύτηκε σε:
Λεπτομέρειες βιβλιογραφικής εγγραφής
Συγγραφή απο Οργανισμό/Αρχή: Lloyd's of London Press, Ltd
Μορφή: Βιβλίο
Γλώσσα:English
Δημοσίευση: London : Lloyd's of London Press, c1998
Θέματα:
Ετικέτες: Προσθήκη ετικέτας
Δεν υπάρχουν, Καταχωρήστε ετικέτα πρώτοι!

MARC

LEADER 00000nam a2200000 i 4500
001 1/65765
008 990112s1998 eng d
020 |a 1859788491 
035 |l 10047190 
040 |a GR-MY-UA  |b gre  |e aacr 
041 0 |a eng 
082 0 |a Π 387.1025 
110 2 |a Lloyd's of London Press, Ltd. 
245 1 0 |a Lloyd's ports of the world 1999 /  |c Lloyd's of London Press 
260 |a London :   |b Lloyd's of London Press,   |c c1998 
300 |a xi, 966 p. (in various paging)  |b Index map 
504 |a Includes index to ports and countries 
650 0 0 |a Harbors  |x Directories. 
852 |a INST  |b CHIOS  |e 19990112  |h 387.1025 LLO  |p 005200015141  |q 005200015141  |t REF  |y 23 
901 |a BIBL-1999-1 
909 |a Χ  |b 061954 
922 |a 2ΕΛΗ  |b 199812  |c ΤΝΕΥ  |d ΠΑΠΑΣΩΤΗΡΙΟΥ